000 00182 a2200097 4500
020 _a9780590462259
041 _aeng
100 _apeterson,John
245 _athe Littles
942 _cBK
999 _c31886
_d31884